| 000 | 00417nam a2200169Ia 4500 | ||
|---|---|---|---|
| 003 | GCL | ||
| 008 | 140319s9999 xx 000 0 eng d | ||
| 040 |
_aGCL / _cGCL |
||
| 082 | 0 | 4 |
_aCH _b507 _bM R |
| 100 | 1 | _aMCLAREN, LESLEY | |
| 245 | 1 | 0 |
_aLEARNING ABOUT ANIMALS / _cMCLAREN, LESLEY |
| 260 |
_a[S.N] : _bPETER HODDOCK PUBLISHING |
||
| 300 | _a156 P | ||
| 650 | 0 | 4 | _aSCIENCE |
| 650 | 0 | 4 | _aANIMALS |
| 942 |
_2ddc _cBK |
||
| 999 |
_c23540 _d23540 |
||